000 00747cab a2200253 4500
001 WB2605-30
008 090401t1990 xxu||||| |||| 00| 0 eng d
035 _a(Sirsi) u66175
041 _aeng
245 _aExtra cash to rescue decaying estates
260 _c1990
350 _a0
490 _aDaily Telegraph
_v30/1/90 p2
490 _aTimes
_v29/1/90 p1+20
490 _aAction for Cities Press Release
_vNo 47 29 January 1990 4 pages (5)
520 _aThousands of tenants on run-down estates will receive an extra £190m for improvements from the Government.
650 _aESTATE ACTION
650 _aFUNDING
650 _aHOUSING ESTATES
650 _aURBAN RENEWAL
690 _aHOUSING
942 _n0
948 _c04/03/1997
999 _c41368
_d41368